[Event "Bucharest Grand Prix op"]
[Site "Bucharest"]
[Date "2024.03.24"]
[Round "10"]
[White "Gilea, Lucian"]
[Black "Petrescu, Georgian Dorin"]
[Result "1-0"]
[WhiteElo "2277"]
[BlackElo "2064"]
[PlyCount "117"]
[EventDate "2024.03.23"]
[EventType "swiss (rapid)"]
[EventRounds "10"]
[EventCountry "ROU"]
[SourceTitle "CB13_2024"]
[SourceDate "2024.03.27"]
[SourceVersion "1"]
[SourceVersionDate "2024.03.27"]
[SourceQuality "1"]

1. d4 Nf6 2. c4 g6 3. Nc3 Bg7 4. Nf3 d6 5. Bf4 0-0 6. h3 Nbd7 7. e3 c5 8. Be2 b6 9. 0-0 Bb7 10. Qc2 Nh5 11. Bh2 Kh8 12. Rad1 Rc8 13. b3 a6 14. dxc5 Nxc5 15. Nd4 Nf6 16. b4 Nce4 17. Nxe4 Nxe4 18. Bf3 Bxd4 19. Bxe4 Bxe4 20. Qxe4 Bg7 21. Rc1 Qd7 22. Rfd1 f5 23. Qb1 Qa4 24. Bg3 Rc6 25. b5 Rxc4 26. bxa6 Qxa6 27. Rxc4 Qxc4 28. Rc1 Qa4 29. h4 Bf6 30. h5 g5 31. Qxf5 Qxa2 32. h6 Qf7 33. Rb1 Qh5 34. Rxb6 Qxh6 35. Rc6 Qg7 36. Qd7 h5 37. f3 Be5 38. Bf2 g4 39. f4 g3 40. Be1 Bf6 41. Rc8 Qg8 42. Rxf8 Qxf8 43. Bxg3 Qg7 44. Qe8+ Kh7 45. Qxh5+ Kg8 46. Kf2 Bc3 47. Bh4 Kf8 48. Qf5+ Kg8 49. Qe6+ Kf8 50. g4 Bb4 51. Qf5+ Kg8 52. Qd5+ Kh7 53. Qe4+ Qg6 54. Qxb4 Qxg4 55. Qe4+ Kg8 56. Bxe7 Kf7 57. Bg5 Qd1 58. Qc4+ d5 59. Qc7+ 1-0

[Event "ROM-chT"]
[Site "Oradea"]
[Date "2022.09.25"]
[Round "5.3"]
[White "Oprisor, Razvan Gabriel"]
[Black "Gilea, Lucian"]
[Result "0-1"]
[WhiteElo "2175"]
[BlackElo "2278"]
[PlyCount "104"]
[EventDate "2022.09.21"]
[EventType "team-tourn"]
[EventRounds "9"]
[EventCountry "ROU"]
[SourceTitle "EXT 2024"]
[Source "ChessBase"]
[SourceDate "2023.10.10"]
[SourceVersion "1"]
[SourceVersionDate "2023.10.10"]
[SourceQuality "1"]
[WhiteTeam "Targoviste"]
[BlackTeam "Galati Smart"]
[WhiteTeamCountry "ROU"]
[BlackTeamCountry "ROU"]

1. e4 c6 2. d4 d5 3. exd5 cxd5 4. Bd3 Nc6 5. c3 g6 6. Nf3 Bg7 7. 0-0 Nh6 8. Re1 0-0 9. Bf4 Bf5 10. Bxh6 Bxh6 11. Bxf5 gxf5 12. Nbd2 e6 13. Nb3 b6 14. Nc1 Na5 15. Nd3 Nc4 16. Nfe5 Nd6 17. Qh5 Qg5 18. Qxg5+ Bxg5 19. f4 Be7 20. a4 Ne4 21. Nf2 Bd6 22. g3 f6 23. Nxe4 fxe4 24. Ng4 h5 25. Ne3 h4 26. Kg2 Kf7 27. c4 Rg8 28. Kf2 Bb4 29. Red1 dxc4 30. Nxc4 Rad8 31. Ne3 hxg3+ 32. hxg3 Rd7 33. Rac1 Rh8 34. Kg2 Rhd8 35. Rc4 a5 36. b3 f5 37. Nc2 Bf8 38. Kf2 b5 39. axb5 Rb8 40. Ra1 Rxb5 41. Rc3 Rdb7 42. Na3 Rxb3 43. Rxb3 Rxb3 44. Nc4 Bb4 45. Nxa5 Rb2+ 46. Kf1 e3 47. Nc4 e2+ 48. Kg1 Ra2 49. Ne5+ Ke8 50. Rxa2 e1Q+ 51. Kg2 Qe4+ 52. Kh2 Bc3 0-1

[Event "Cap Aurora FISCA op"]
[Site "Cap Aurora"]
[Date "2022.06.28"]
[Round "8"]
[White "Gilea, Lucian"]
[Black "Petre, Nad Titus"]
[Result "1/2-1/2"]
[WhiteElo "2277"]
[BlackElo "2297"]
[PlyCount "106"]
[EventDate "2022.06.22"]
[EventType "swiss"]
[EventRounds "9"]
[EventCountry "ROU"]
[SourceTitle "EXT 2023"]
[Source "ChessBase"]
[SourceDate "2022.10.05"]
[SourceVersion "1"]
[SourceVersionDate "2022.10.05"]
[SourceQuality "1"]

1. d4 Nf6 2. c4 d6 3. Nc3 e5 4. Nf3 Nbd7 5. g3 g6 6. Bg2 Bg7 7. dxe5 dxe5 8. Qc2 0-0 9. 0-0 c6 10. b3 Re8 11. Rd1 Qc7 12. Ba3 Bf8 13. Bb2 a5 14. Na4 Nc5 15. Nxc5 Bxc5 16. e3 Bf5 17. Qe2 Nd7 18. Nd2 Be7 19. g4 Be6 20. Ne4 Nc5 21. h3 a4 22. Nxc5 Bxc5 23. Bc3 Bf8 24. b4 a3 25. Rab1 f6 26. Bf1 Qf7 27. Rd2 b6 28. h4 c5 29. bxc5 Bxc5 30. Bb4 Ra4 31. Bxc5 bxc5 32. Qd1 Rb4 33. Rxb4 cxb4 34. Rd8 Kg7 35. Rxe8 Qxe8 36. Qd6 Bxg4 37. Qxb4 Bf3 38. Bg2 Qc6 39. Bxf3 Qxf3 40. Qxa3 Qg4+ 41. Kf1 Qd1+ 42. Kg2 Qg4+ 43. Kf1 Qxc4+ 44. Ke1 Qxh4 45. Qa7+ Kh6 46. a4 Qb4+ 47. Kf1 Qc4+ 48. Kg1 Kg5 49. a5 h5 50. Qb7 Kh6 51. a6 Qg4+ 52. Qg2 Qa4 53. Qb7 Qg4+ 1/2-1/2

[Event "Arad op 12th"]
[Site "Arad"]
[Date "2019.07.29"]
[Round "7"]
[White "Macovei, Andrei"]
[Black "Gilea, Lucian"]
[Result "1/2-1/2"]
[WhiteElo "2424"]
[BlackElo "2287"]
[PlyCount "77"]
[EventDate "2019.07.24"]
[EventType "swiss"]
[EventRounds "9"]
[EventCountry "ROU"]
[SourceTitle "CBM 191 Extra"]
[Source "ChessBase"]
[SourceDate "2019.09.30"]
[SourceVersion "1"]
[SourceVersionDate "2019.09.30"]
[SourceQuality "1"]

1. e4 e6 2. d4 d5 3. Nc3 Nf6 4. e5 Nfd7 5. f4 c5 6. Nf3 Nc6 7. Be3 a6 8. Qd2 b5 9. a3 Qc7 10. Be2 Bb7 11. 0-0 Be7 12. dxc5 Bxc5 13. Bxc5 Nxc5 14. Qe3 Nd7 15. Bd3 Qb6 16. Qxb6 Nxb6 17. b3 0-0 18. Ne2 f6 19. Ned4 Nxd4 20. Nxd4 fxe5 21. fxe5 Rxf1+ 22. Rxf1 Nd7 23. Bxh7+ Kxh7 24. Rf7 Bc8 25. Nxe6 Nxe5 26. Rxg7+ Kh6 27. Re7 Ng6 28. Re8 Bb7 29. Rxa8 Bxa8 30. Kf2 Bb7 31. Ke3 Bc8 32. Nc7 Nh4 33. Nxd5 Nxg2+ 34. Kd4 Ne1 35. c4 Nc2+ 36. Kc3 Nxa3 37. Kb2 Nxc4+ 38. bxc4 bxc4 39. Ne3 1/2-1/2

[Event "Arad op 12th"]
[Site "Arad"]
[Date "2019.07.25"]
[Round "2"]
[White "Gilea, Lucian"]
[Black "Martin Perez, Javier"]
[Result "1-0"]
[WhiteElo "2287"]
[BlackElo "1961"]
[PlyCount "85"]
[EventDate "2019.07.24"]
[EventType "swiss"]
[EventRounds "9"]
[EventCountry "ROU"]
[SourceTitle "CBM 191 Extra"]
[Source "ChessBase"]
[SourceDate "2019.09.30"]
[SourceVersion "1"]
[SourceVersionDate "2019.09.30"]
[SourceQuality "1"]

1. d4 d5 2. c4 c6 3. Nf3 Nf6 4. g3 e6 5. Bg2 Nbd7 6. 0-0 Be7 7. Qc2 0-0 8. Nbd2 b6 9. Rd1 Bb7 10. b3 Rc8 11. Bb2 Qc7 12. Rac1 Qb8 13. e4 Qa8 14. c5 bxc5 15. e5 Ne8 16. Ba3 Nc7 17. Bf1 Nb5 18. Bxc5 Nxc5 19. dxc5 Ba6 20. Nb1 Qb8 21. Bh3 Rcd8 22. a4 Nc7 23. Nd4 Bb7 24. Bf1 f6 25. exf6 Bxf6 26. f4 e5 27. fxe5 Bxe5 28. b4 Qc8 29. Qd2 Ne6 30. Nxe6 Qxe6 31. Nc3 Qf6 32. Bg2 Ba6 33. b5 Bxc3 34. Qxc3 cxb5 35. Qxf6 Rxf6 36. c6 Rc8 37. c7 bxa4 38. Bh3 Re8 39. c8Q Bxc8 40. Bxc8 a3 41. Bb7 Rb6 42. Bxd5+ Kf8 43. Rc7 1-0

[Event "ROM-chT2"]
[Site "Gilau"]
[Date "2018.10.14"]
[Round "8.3"]
[White "Gilea, Lucian"]
[Black "Pit Rada, Mihail Cosmin"]
[Result "1/2-1/2"]
[WhiteElo "2288"]
[BlackElo "2094"]
[PlyCount "24"]
[EventDate "2018.10.07"]
[EventType "team-swiss"]
[EventRounds "9"]
[EventCountry "ROU"]
[SourceTitle "CBM 189 Extra"]
[Source "ChessBase"]
[SourceDate "2019.06.03"]
[SourceVersion "1"]
[SourceVersionDate "2019.06.03"]
[SourceQuality "1"]
[WhiteTeam "Galati Smart"]
[BlackTeam "Targoviste"]
[WhiteTeamCountry "ROU"]
[BlackTeamCountry "ROU"]

1. d4 Nf6 2. Nf3 g6 3. Bf4 Bg7 4. h3 0-0 5. e3 d6 6. Be2 c5 7. c3 Qb6 8. Qb3 Be6 9. Qxb6 axb6 10. a3 Nbd7 11. Nbd2 Bd5 12. 0-0 Bc6 1/2-1/2

[Event "Arad op 11th"]
[Site "Arad"]
[Date "2018.08.12"]
[Round "9"]
[White "Petrisor, Adrian Marian"]
[Black "Gilea, Lucian"]
[Result "1-0"]
[WhiteElo "2416"]
[BlackElo "2279"]
[PlyCount "37"]
[EventDate "2018.08.05"]
[EventType "swiss"]
[EventRounds "9"]
[EventCountry "ROU"]
[SourceTitle "CBM 185 Extra"]
[Source "ChessBase"]
[SourceDate "2018.07.29"]
[SourceVersion "1"]
[SourceVersionDate "2018.07.29"]
[SourceQuality "1"]

1. e4 c6 2. d4 d5 3. e5 Bf5 4. Nf3 e6 5. Be2 c5 6. 0-0 Nc6 7. Be3 cxd4 8. Nxd4 Nxd4 9. Qxd4 Ne7 10. Qa4+ Nc6 11. Bb5 Qc7 12. c4 dxc4 13. Nd2 c3 14. Rac1 c2 15. g4 Bg6 16. f4 0-0-0 17. f5 Qxe5 18. Nc4 Qd5 19. Bxc6 1-0

[Event "Arad op 11th"]
[Site "Arad"]
[Date "2018.08.09"]
[Round "6"]
[White "Abramovic, Bosko"]
[Black "Gilea, Lucian"]
[Result "1/2-1/2"]
[WhiteElo "2400"]
[BlackElo "2279"]
[PlyCount "101"]
[EventDate "2018.08.05"]
[EventType "swiss"]
[EventRounds "9"]
[EventCountry "ROU"]
[SourceTitle "CBM 185 Extra"]
[Source "ChessBase"]
[SourceDate "2018.07.29"]
[SourceVersion "1"]
[SourceVersionDate "2018.07.29"]
[SourceQuality "1"]

1. d4 Nf6 2. g3 c5 3. d5 d6 4. Bg2 g6 5. Nc3 Bg7 6. e4 0-0 7. Nge2 a6 8. a4 e6 9. dxe6 fxe6 10. 0-0 Nc6 11. h3 Qe7 12. f4 Bd7 13. g4 Rad8 14. Ng3 Ne8 15. g5 Nc7 16. h4 h5 17. Nce2 d5 18. e5 b5 19. c3 Be8 20. Bd2 Rb8 21. axb5 axb5 22. Qc2 Bf7 23. Be3 Rfc8 24. Bf2 Bf8 25. Nc1 c4 26. b4 cxb3 27. Nxb3 Qd8 28. Rfd1 Ra8 29. Rxa8 Rxa8 30. Ne4 Ne8 31. Nf6+ Nxf6 32. gxf6 Bh6 33. Nc5 Kh7 34. Nd3 Ra4 35. Rb1 Qa5 36. Bf1 Bxf4 37. Nxf4 Rxf4 38. Rxb5 Rg4+ 39. Kh1 Qc7 40. Bh3 Nxe5 41. Bxg4 Nxg4 42. Bg1 Qf4 43. Kg2 e5 44. Rb7 Qxf6 45. Qe2 Kg7 46. Qf3 Qe6 47. Be3 Qf5 48. Bg5 Nf6 49. Re7 Qg4+ 50. Qxg4 Nxg4 51. Rb7 1/2-1/2

[Event "Arad op 11th"]
[Site "Arad"]
[Date "2018.08.07"]
[Round "4"]
[White "Swayams, Mishra"]
[Black "Gilea, Lucian"]
[Result "1-0"]
[WhiteElo "2467"]
[BlackElo "2279"]
[PlyCount "75"]
[EventDate "2018.08.05"]
[EventType "swiss"]
[EventRounds "9"]
[EventCountry "ROU"]
[SourceTitle "CBM 185 Extra"]
[Source "ChessBase"]
[SourceDate "2018.07.29"]
[SourceVersion "1"]
[SourceVersionDate "2018.07.29"]
[SourceQuality "1"]

1. d4 Nf6 2. c4 d6 3. Nf3 Nbd7 4. Nc3 e5 5. e4 Be7 6. Be2 0-0 7. 0-0 Re8 8. Qc2 c6 9. Rd1 Qc7 10. h3 a6 11. Be3 b5 12. a3 Bf8 13. Rac1 exd4 14. Nxd4 c5 15. Nf5 b4 16. Nd5 Nxd5 17. cxd5 bxa3 18. bxa3 Nf6 19. Ng3 Rb8 20. Bd2 Qe7 21. Bd3 g6 22. Rb1 Rxb1 23. Rxb1 Nd7 24. Qa4 Ne5 25. Bxa6 Bxh3 26. Rb7 Bd7 27. Bb5 Bxb5 28. Qxb5 Qd8 29. Bg5 Qc8 30. a4 c4 31. a5 Nd3 32. Be3 h5 33. a6 h4 34. Ne2 Rxe4 35. Qd7 Qxd7 36. Rxd7 Re8 37. a7 Ra8 38. Bb6 1-0

[Event "ROM-chT"]
[Site "Baile Govora"]
[Date "2017.11.13"]
[Round "3.1"]
[White "Luncasu, Raul Ionut"]
[Black "Gilea, Lucian"]
[Result "0-1"]
[WhiteElo "2181"]
[BlackElo "2270"]
[PlyCount "208"]
[EventDate "2017.11.11"]
[EventType "team-tourn"]
[EventRounds "9"]
[EventCountry "ROU"]
[SourceTitle "CBM 181 Extra"]
[Source "ChessBase"]
[SourceDate "2017.12.12"]
[SourceVersion "1"]
[SourceVersionDate "2017.12.12"]
[SourceQuality "1"]
[WhiteTeam "Buzau Phoenix"]
[BlackTeam "Targoviste"]
[WhiteTeamCountry "ROU"]
[BlackTeamCountry "ROU"]

1. e4 d5 2. exd5 Qxd5 3. d4 Nc6 4. Nf3 e5 5. Be3 Bg4 6. Be2 exd4 7. c3 Bxf3 8. Bxf3 Qb5 9. cxd4 0-0-0 10. Nc3 Qxb2 11. Rc1 Bb4 12. 0-0 Bxc3 13. Bxc6 bxc6 14. Qg4+ Rd7 15. Rxc3 Nf6 16. Qxg7 Rg8 17. Qxf6 Qxc3 18. Rc1 Qa5 19. Qxc6 Qd5 20. Qa6+ Qb7 21. Qf1 Rd6 22. g3 Qe4 23. Qc4 Rd7 24. Qa6+ Qb7 25. Qd3 Rg6 26. Qa3 Qb5 27. Qxa7 Ra6 28. Qc5 Qxc5 29. dxc5 Rxa2 30. Rc4 Ra6 31. Rh4 f6 32. Kg2 Rg7 33. Rd4 Rd7 34. Rf4 Kd8 35. Rh4 Rg7 36. Kf3 Kd7 37. Rd4+ Ke7 38. h4 Rg8 39. Rb4 Ke6 40. Re4+ Kf7 41. Rd4 Ke7 42. Rd5 Ke6 43. Rd4 f5 44. Rd3 Ra5 45. Rd2 Ra3 46. Rd4 Rc3 47. Ra4 Ke5 48. Ke2 Kd5 49. Rd4+ Ke6 50. Ra4 Re8 51. Kd2 Rb3 52. Ra6+ Kd5 53. Rf6 Ke4 54. Rf7 c6 55. Rxh7 Re5 56. h5 Kf3 57. h6 Rd5+ 58. Kc2 Rdd3 59. Bd2 Ra3 60. Rf7 Ke2 61. Re7+ Kxf2 62. h7 Rd8 63. Bc3 Raa8 64. Be5 Kf3 65. Kc3 Rd5 66. Bd6 Rd1 67. Rg7 Rh8 68. Rf7 Rh1 69. Rxf5+ Kg4 70. Rf7 R1xh7 71. Rxh7 Rxh7 72. Kd4 Kf5 73. Ke3 Ra7 74. Kd4 Ra4+ 75. Kd3 Re4 76. Kc3 Ke6 77. Kd3 Kd5 78. Bf8 Re6 79. Bd6 Re8 80. Kd2 Kd4 81. Kd1 Kd3 82. Bf4 Re2 83. Bd6 Re4 84. Bc7 Ke3 85. Bd6 Rd4+ 86. Ke1 Kf3 87. Bc7 Rd3 88. Bd6 Rd5 89. Bc7 Rxc5 90. Kd2 Ke4 91. Bf4 Rc4 92. Be3 Ra4 93. Bc5 Kd5 94. Bb6 c5 95. Bd8 Ra3 96. Bc7 Kd4 97. Ke2 Re3+ 98. Kf2 Ke4 99. g4 c4 100. g5 c3 101. Ba5 Rf3+ 102. Ke2 Rg3 103. Bd8 Rg2+ 104. Kd1 Kd3 0-1

[Event "Arad op 9th"]
[Site "Arad"]
[Date "2016.08.07"]
[Round "2"]
[White "Istratescu, Andrei"]
[Black "Gilea, Lucian"]
[Result "1-0"]
[WhiteElo "2582"]
[BlackElo "2287"]
[PlyCount "37"]
[EventDate "2016.08.06"]
[EventType "swiss"]
[EventRounds "9"]
[EventCountry "ROU"]
[SourceTitle "CBM 173 Extra"]
[Source "ChessBase"]
[SourceDate "2016.08.29"]
[SourceVersion "1"]
[SourceVersionDate "2016.08.29"]
[SourceQuality "1"]

1. d4 Nf6 2. c4 e6 3. Nf3 Bb4+ 4. Nbd2 d5 5. Qa4+ Nc6 6. e3 dxc4 7. a3 Be7 8. Nxc4 0-0 9. Qc2 a6 10. Bd3 h6 11. 0-0 Re8 12. Rd1 Qd5 13. e4 Qh5 14. Bf4 Bd7 15. Nce5 Rad8 16. Be2 Bd6 17. Ng5 Qh4 18. g3 Bxe5 19. dxe5 1-0

[Event "ROM-ch"]
[Site "Olanesti"]
[Date "2016.04.07"]
[Round "6"]
[White "Gilea, Lucian"]
[Black "Petrisor, Adrian Marian"]
[Result "0-1"]
[WhiteElo "2285"]
[BlackElo "2412"]
[PlyCount "77"]
[EventDate "2016.04.02"]
[EventType "swiss"]
[EventRounds "9"]
[EventCountry "ROU"]
[SourceTitle "CBM 171 Extra"]
[Source "ChessBase"]
[SourceDate "2016.04.26"]
[SourceVersion "1"]
[SourceVersionDate "2016.04.26"]
[SourceQuality "1"]

1. d4 Nf6 2. Nf3 e6 3. g3 b6 4. Bg2 Bb7 5. 0-0 c5 6. c3 d5 7. Nbd2 Bd6 8. dxc5 bxc5 9. e4 Be7 10. exd5 Bxd5 11. Qe2 0-0 12. Nc4 Nbd7 13. Rd1 Qc8 14. Nfe5 Nxe5 15. Nxe5 Qb7 16. Bxd5 exd5 17. Qf3 Rae8 18. Nd3 Rd8 19. b4 Ne4 20. Nxc5 Bxc5 21. bxc5 Qb5 22. Bf4 Qxc5 23. Be5 Rfe8 24. Bd4 Qc8 25. Qh5 Rd6 26. h3 Qd7 27. Qg4 f5 28. Qf3 Ng5 29. Qh5 Rg6 30. Rd3 f4 31. g4 Qe7 32. h4 Qe4 33. hxg5 Qxd3 34. Kh2 a5 35. a4 Re2 36. Kg1 Qe4 37. Rf1 h6 38. f3 Qc2 39. Bf2 0-1

[Event "ROM-ch"]
[Site "Olanesti"]
[Date "2016.04.05"]
[Round "4"]
[White "Gilea, Lucian"]
[Black "Nevednichy, Vladislav"]
[Result "1/2-1/2"]
[WhiteElo "2285"]
[BlackElo "2562"]
[PlyCount "81"]
[EventDate "2016.04.02"]
[EventType "swiss"]
[EventRounds "9"]
[EventCountry "ROU"]
[SourceTitle "CBM 171 Extra"]
[Source "ChessBase"]
[SourceDate "2016.04.26"]
[SourceVersion "1"]
[SourceVersionDate "2016.04.26"]
[SourceQuality "1"]

1. d4 g6 2. Nf3 Bg7 3. Bf4 b6 4. e3 Bb7 5. Be2 d6 6. c4 Nf6 7. h3 0-0 8. Nc3 Ne4 9. Nxe4 Bxe4 10. 0-0 c5 11. Rc1 a6 12. a3 Nc6 13. Ng5 Bf5 14. Bf3 Rc8 15. Bxc6 Rxc6 16. e4 Bd7 17. d5 Rc8 18. Qd2 b5 19. cxb5 axb5 20. Nf3 Ra8 21. e5 Bf5 22. Rfe1 Ra4 23. Bh6 Qd7 24. Bxg7 Kxg7 25. b3 Ra6 26. Qc3 Kg8 27. exd6 exd6 28. Qf6 Ra7 29. b4 Qd8 30. Qxd8 Rxd8 31. bxc5 dxc5 32. Rxc5 Rxa3 33. Ne5 Bd7 34. d6 Be6 35. Rd1 Ra6 36. d7 Kg7 37. Rc7 b4 38. Nc6 Rxd7 39. Rcxd7 Bxd7 40. Nb8 Ba4 41. Nxa6 1/2-1/2

[Event "ROM-ch"]
[Site "Calimanesti"]
[Date "2015.04.19"]
[Round "2"]
[White "Gilea, Lucian"]
[Black "Anton, Teodor"]
[Result "0-1"]
[WhiteElo "2249"]
[BlackElo "2419"]
[PlyCount "110"]
[EventDate "2015.04.18"]
[EventType "swiss"]
[EventRounds "9"]
[EventCountry "ROU"]
[SourceTitle "CBM 166 Extra"]
[Source "ChessBase"]
[SourceDate "2015.06.18"]
[SourceVersion "1"]
[SourceVersionDate "2015.06.18"]
[SourceQuality "1"]

1. d4 Nf6 2. c4 e6 3. Nf3 c5 4. d5 b5 5. a4 bxc4 6. Nc3 exd5 7. Nxd5 Bb7 8. e4 Nxd5 9. exd5 Qe7+ 10. Be3 Qe4 11. d6 Nc6 12. Nd2 Qe6 13. Bxc4 Qxd6 14. Qb3 0-0-0 15. Bd5 f5 16. 0-0 Qc7 17. Rac1 Na5 18. Bxb7+ Nxb7 19. Qd5 f4 20. Bxc5 Bxc5 21. b4 Qc6 22. Qh5 g6 23. Qh3 Qe6 24. Qf3 Qc6 25. Qh3 Rdf8 26. bxc5 Rf5 27. Nb3 Rd5 28. Qc3 Re8 29. Nd4 Qxa4 30. c6 dxc6 31. Qh3+ Kb8 32. Nxc6+ Ka8 33. Ne7 Rc5 34. Nd5 Rxc1 35. Rxc1 Qc6 36. Nc3 a5 37. Ra1 Qe6 38. Qxe6 Rxe6 39. h4 Re5 40. Ra4 Rf5 41. Kf1 f3 42. g3 Rc5 43. Ra3 Nd6 44. Ke1 Ka7 45. Kd1 Ka6 46. Na2 Rd5+ 47. Ke1 Re5+ 48. Kf1 Nc4 49. Rd3 Re2 50. Nc3 Rc2 51. Kg1 Rc1+ 52. Kh2 Ne5 53. Rd6+ Kb7 54. Nd1 Ng4+ 55. Kh3 Rxd1 0-1

[Event "ROM-chT"]
[Site "Calimanesti"]
[Date "2014.11.10"]
[Round "3.1"]
[White "Gilea, Lucian"]
[Black "Vajda, Levente"]
[Result "0-1"]
[WhiteElo "2281"]
[BlackElo "2564"]
[PlyCount "90"]
[EventDate "2014.11.08"]
[EventType "team-tourn"]
[EventRounds "9"]
[EventCountry "ROU"]
[SourceTitle "EXT 2015"]
[Source "ChessBase"]
[SourceDate "2014.11.20"]
[SourceVersion "1"]
[SourceVersionDate "2014.11.20"]
[SourceQuality "1"]
[WhiteTeam "Galati"]
[BlackTeam "Baia Mare"]
[WhiteTeamCountry "ROU"]
[BlackTeamCountry "ROU"]

1. d4 Nf6 2. c4 c5 3. d5 e5 4. Nc3 d6 5. e4 Be7 6. Nf3 a6 7. h3 Nbd7 8. Bd3 h5 9. Be3 h4 10. a3 Nh5 11. b4 b6 12. Qd2 Bf6 13. Rc1 Nf4 14. Bxf4 exf4 15. Bc2 Ne5 16. Ba4+ Kf8 17. Nxe5 Bxe5 18. Bd1 g6 19. Bg4 Bxg4 20. hxg4 f3 21. gxf3 Qf6 22. Qd3 h3 23. Na4 Rb8 24. Rb1 Kg7 25. b5 a5 26. Ke2 h2 27. Qd2 Rh3 28. Rb3 Qh4 29. Nb2 Re8 30. Nd1 Bd4 31. Ne3 Qf6 32. Kf1 Kg8 33. Nc2 Rxe4 34. Nxd4 Rxd4 35. Qe2 Qf4 36. Kg2 Rh7 37. Qe3 Rxc4 38. Qxf4 Rxf4 39. Rd3 Rc4 40. Rxh2 Rxh2+ 41. Kxh2 Rc2 42. Kg3 Rb2 43. a4 Ra2 44. Re3 Kf8 45. Re4 Rd2 0-1

[Event "Cap Aurora op"]
[Site "Cap Aurora"]
[Date "2014.06.28"]
[Round "9"]
[White "David, Alexandru Vasile"]
[Black "Gilea, Lucian"]
[Result "1/2-1/2"]
[WhiteElo "2194"]
[BlackElo "2278"]
[PlyCount "125"]
[EventDate "2014.06.21"]
[EventType "swiss"]
[EventRounds "9"]
[EventCountry "ROU"]
[SourceTitle "CBM 161 Extra"]
[Source "ChessBase"]
[SourceDate "2014.08.29"]
[SourceVersion "1"]
[SourceVersionDate "2014.08.29"]
[SourceQuality "1"]

1. d4 d6 2. e4 Nf6 3. f3 e5 4. d5 c6 5. c4 Qb6 6. Nc3 h5 7. Bd3 g6 8. Bg5 Qxb2 9. Nge2 Nbd7 10. Na4 Qb4+ 11. Bd2 Qa3 12. Bc1 Qb4+ 13. Bd2 Qa3 14. Bc2 Nb6 15. Rb1 Bh6 16. Bb4 Qe3 17. Nxb6 axb6 18. Bxd6 Bg7 19. Rb3 Qg5 20. 0-0 Nd7 21. f4 exf4 22. Nxf4 Ne5 23. dxc6 bxc6 24. Rxb6 Bg4 25. Qb1 Nxc4 26. Rb8+ Rxb8 27. Qxb8+ Qd8 28. Qxd8+ Kxd8 29. Bc5 g5 30. Nh3 f6 31. Nf2 Be6 32. Bb3 Re8 33. Rd1+ Kc7 34. Rd4 Ne5 35. Bxe6 Rxe6 36. a4 Nd7 37. Bb4 c5 38. Rc4 Kb6 39. Bd2 Ne5 40. Rc2 c4 41. Nd1 Bf8 42. Nb2 Bc5+ 43. Kf1 Rd6 44. Bc3 Bd4 45. Bb4 Rc6 46. Ke2 Bxb2 47. Rxb2 Nd3 48. Rb1 Nxb4 49. Rxb4+ Kc5 50. Rb5+ Kd4 51. h4 Kxe4 52. hxg5 f5 53. Rb4 Kd4 54. Rb5 Ke4 55. Rb4 f4 56. g6 Kd4 57. g7 Rg6 58. Rb7 Rxg2+ 59. Kf3 Rg4 60. a5 c3 61. a6 c2 62. Rc7 Rxg7 63. Rxc2 1/2-1/2